00784nam a2200253 a 4500001001300000003000900013005001700022008004100039020002300080082001900103100001800122245006600140260004100206300000900247500003500256505003100291650001400322700001900336700002300355902000800378942000700386952012000393999001700513nice12345678IN_TiNIC20260116014440.0050524s2004 newa grp 000 0 eng  a0761947 c69500a306.70954bVER aVerma, Ravi K aSexuality in the Times of Aidsb Contemporary Perspectives... aNew Delhi bSage Publications c2004 a431p aincludes index and biblioraphy2 aSelect Bibliography, Index aSex-India1 aPertii J Pelto1 aStephen L Schensul bSRS cBK 001040708StackRoom-aHMIbHMId2007-04-05g695.00l0o306.70954 VERp020979r2007-04-05v695.00w2005-05-24yBK c15368d15368